Las nuevas tendencias en la mercadotecnia : III Foro Internacional /

Zapisane w:
Opis bibliograficzny
Korporacja: Foro Internacional sobre las Nuevas Tendencias en la Mercadotecnia ( Universidad de Colima)
Kolejni autorzy: Flores Félix, Rogelio (comp.) (comp.)
Format: Materiały konferencyjne Książka
Język:hiszpański
Wydane: Colima, México : Universidad de Colima, 2008, c2008
Hasła przedmiotowe:
Etykiety: Dodaj etykietę
Nie ma etykietki, Dołącz pierwszą etykiete!

MARC

LEADER 00000nam^a2200000^a^4500
001 000290904
005 20250521000000.0
009 20260310112022.267
020 |a 978-607-7565-09-3 
037 |a Acervo ITESO - Biblioteca 
041 |a ESP 
082 |a 658. 8  |b FOR 2007 
111 |a Foro Internacional sobre las Nuevas Tendencias en la Mercadotecnia (  |n 3º :  |d 2007 :  |c Universidad de Colima) 
245 1 3 |a Las nuevas tendencias en la mercadotecnia :  |b III Foro Internacional /  |c Comp. de F. Flores Félix ; pról. de María de los Dolores Santarriaga Pineda. 
264 4 |a Colima, México :  |b Universidad de Colima,  |c 2008, c2008 
300 |a 203 p. 
336 |a texto  |b txt  |2 rdacontenido 
337 |a sin mediación  |b n  |2 rdamedio 
338 |a volumen  |b nc  |2 rdasoporte 
546 |a Contiene algunos artículos en inglés 
649 |a XX 
650 |a Mercadotecnia -  |x Congresos -  |x Tema Principal 
650 |a Comportamiento del Consumidor 
650 |a Industria Agropecuaria 
650 |a Negocios en Internet 
650 |a Tecnologías de Comunicación e Información 
650 |a Turismo Cultural -  |z Jalisco 
650 |a Turismo Cultural -  |z México 
650 |a Investigación de Mercado 
650 |a Ciencias Administrativas 
700 |a Flores Félix, Rogelio  |e (comp.) 
910 |a Fondo General 
920 |a Impresos - Libros 
930 |a Colección General 
905 |a 101 
901 |a 0500177592  |b IT1  |c ACC  |i 000054  |u 20250521 
902 |a https://opac.biblio.iteso.mx/vufind/Record/000290904